000 00566nam a2200205Ia 4500
005 20250326144653.0
008 250326s9999 xx 000 0 und d
020 _a0-07-058548-2
037 _aTextbook
040 _aFMSL
_beng
_cFMSL
041 _aeng
_2eng
084 _aX:8D P4
_qFMSL
100 _aChandra Prasanna
245 0 _aFicial management :theory and practice
_cChandra Prasanna
250 _a6
260 _aNew Delhi
_bNew Delhi, Tata McGraw Hill
_c2004
300 _axxix,1155
942 _cTB
_hX:8D P4
999 _c1304559
_d1304559